| 000 | 01014nam0a2200313 i 4500 | ||
|---|---|---|---|
| 001 | RU\NLR\BIBL_A\010704114 | ||
| 005 | 20240726083313.0 | ||
| 010 |
_a9785919456292 _9100 |
||
| 021 |
_aRU _b15-5047 |
||
| 035 | _a(NILC)RuMoRGB-007860858 | ||
| 035 | _a(NLR Aleph) 010704114 | ||
| 090 |
_a9734500 _c9734500 |
||
| 100 | _a20150320d2014 u y0rusy50 ca | ||
| 101 | 0 | _arus | |
| 102 | _aRU | ||
| 105 | _ay|||||||||||| | ||
| 200 | 1 |
_aТигион _fВладимир Вейс |
|
| 210 |
_aМосква _cАвторская книга _d2014 |
||
| 215 |
_a212, [1] с. _d21 |
||
| 327 | 1 | _aСодерж.: Тигион: роман в 3 кн.; Навигатор времени: повесть; Рассказы: Черное такси; Алфей двухсердный | |
| 333 | _a18+ | ||
| 686 | 2 | _aШ6(2=Р)8-445 | |
| 700 | 1 |
_aВейс _bВ. _gВладимир |
|
| 801 | 0 |
_aRU _bРГБ _c20150115 _gRCR |
|
| 942 | _cBOOK | ||
| 980 | _aNBR | ||